Statistiken für Deutschland Bilderquiz

Klicken Sie hier um das Quiz zu spielen!

Allgemein

  • Dieses Quiz wurde 225 mal gespielt
  • Das Durchschnittsergebnis liegt bei 9 aus 20

Antwortstatistiken

Antwort% Korrekt
Köln
99%
Hamburg
93%
Berlin
90%
Bremen
90%
Frankfurt
89%
München
78%
Dresden
60%
Ulm
45%
Dortmund
42%
Kiel
38%
Bamberg
26%
Leipzig
24%
Hannover
23%
Lindau
23%
Potsdam
23%
Duisburg
12%
Stuttgart
12%
Magdeburg
11%
Mannheim
10%
Meissen
5%

Verteilung der Resultate

Perzentil nach korrekt beantworteten Fragen

Anzahl Personen mit jedem Resultat

Ihre Resultats-Entwicklung

Sie haben dieses Quiz noch nicht gespielt